00724nam a22002057a 450000500170000001000150001702000270003203500140005903700130007308200140008610000190010024500640011926000400018327000440022330000220026750000500028994200280033999900190036795201320038620161206130603.0 aENG-116748 a9788184846324c1080.00 aEN-100280 bDBAD/PUB a346.54074 dNagta, Sandeep aLaw relating to conditions and warranty /cby Sandeep Nagta aNew DelhibRegal Publicationsc2017 aF-159 Rajouri GardenbNew Delhie110027 ax,230p.c23cm(Hb) aIncludes bibliographical references and index 2ddccENh346.54074mNAG c104988d104988 001040708NFICaLbLd2016-12-06eDBADg1080.00l0o346.54074 NAGpEN-100280r2016-12-06 00:00:00t1v1080.00w2016-12-06yEN